| 000 | 01165nam a2200181Ia 4500 | ||
|---|---|---|---|
| 008 | 151202s9999||||xx |||||||||||||| ||und|| | ||
| 082 | _bPNVM-79496 | ||
| 100 | _aमुजावर इसाक. | ||
| 245 | _aचित्र माऊली- सुप्रसिद्ध अभिनेत्री सुलोचना यांचेचरित्र.12 पानी रंगीत व कृ.ध छायाचित्रे. | ||
| 260 | _b"नवचैतन्य प्रकाशन,बोरोवली." | ||
| 260 | _c2010 | ||
| 300 | _a240 | ||
| 600 | _aमुजावर इसाक. | ||
| 630 | _aचित्र माऊली- सुप्रसिद्ध अभिनेत्री सुलोचना यांचेचरित्र.12 पानी रंगीत व कृ.ध छायाचित्रे. | ||
| 700 | _aमुजावर इसाक. | ||
| 730 | _aचित्र माऊली- सुप्रसिद्ध अभिनेत्री सुलोचना यांचेचरित्र.12 पानी रंगीत व कृ.ध छायाचित्रे. | ||
| 942 | _cBOOK | ||
| 999 |
_c1344105 _d1344102 |
||